| 000 | 00446nam a2200193Ia 4500 | ||
|---|---|---|---|
| 005 | 20250425162812.0 | ||
| 008 | 250425s9999 xx 000 0 und d | ||
| 041 | _aspa | ||
| 043 | _aec | ||
| 110 | _aCAPITAL MANAGEMENT SOLUTIONS | ||
| 245 | 0 | _aEKOS | |
| 250 | _aS.E. | ||
| 260 |
_aEcuador _bCAPITAL MANAGEMENT SOLUTIONS _c2019 |
||
| 260 | _aQUITO | ||
| 300 | _a196 | ||
| 500 | _aNO. 302 JUNIO 2019 | ||
| 942 | _c01 | ||
| 010 | _a109126 | ||
| 999 |
_c236709 _d236709 |
||